| 000 | 00692nam0a22002291 4500 | ||
|---|---|---|---|
| 001 | rc\815191 | ||
| 005 | 20250622002345.0 | ||
| 035 | _a(NLR Aleph) 005998234 | ||
| 090 |
_a7200631 _c7200631 |
||
| 100 | _a20041129d1983 |||y0rusy50 ca | ||
| 101 | 0 | _arus | |
| 102 | _aRU | ||
| 105 | _ay ||||||||| | ||
| 200 | 1 | _aПередовой производственный опыт - забота партийная | |
| 210 |
_aИркутск _cВост.-Сиб. кн. изд-во _d1983 |
||
| 215 |
_a88 с. _d17 |
||
| 700 | 1 |
_aШафиров _bЛ.М. _gЛеонид Моисеевич |
|
| 801 | 0 |
_aRU _bNLR _gpsbo |
|
| 801 | 1 |
_aRU _bELAR _2rusmarc |
|
| 852 |
_aNLR _j83-2/2032 |
||
| 942 | _cBOOK | ||
| 980 | _aNB | ||